Energie prvotní čáry : gesto, rytmus, pohyb v současném českém umění : Galerie moderního umění v Hradci Králové /

Hlavní autor: Polláková, Petra, 1975-
Korporativní autor: Galerie moderního umění (Hradec Králové, Česko)
Další autoři: Příkazská, Petra, 1976-
Jazyk: Čeština
Angličtina
Vydáno: Hradec Králové : Galerie moderního umění v Hradci Králové, 2018
Vydání: První vydání
Témata:
Fyzický popis: 39 stran : ilustrace (převážně barevné) ; 23 cm
Language note: Částečně anglický text
Knihy
Uloženo v:
LEADER 02334nam a2200589 i 4500
001 nkc20182972116
003 CZ PrNK
005 20180807085429.0
007 ta
008 180125s2018 xr a e c 000 0dcze
020 |a 978-80-87605-15-8  |q (brožováno) 
040 |a OLA001  |b cze  |e rda 
041 1 |a cze  |a eng  |h cze 
043 |a e-xr--- 
045 |a x8y1 
072 7 |a 72/76  |x Výtvarné umění  |2 Konspekt  |9 21 
080 |a 72/76(437.3)  |2 MRF 
080 |a 7.036/.038  |2 MRF 
080 |a 7.038.54  |2 MRF 
080 |a (437.3)  |2 MRF 
080 |a (083.824)  |2 MRF 
100 1 |a Polláková, Petra,  |d 1975-  |7 jo2012725605  |4 aut 
245 1 0 |a Energie prvotní čáry :  |b gesto, rytmus, pohyb v současném českém umění : Galerie moderního umění v Hradci Králové /  |c texty Petra Polláková, Petra Příkazská 
246 3 0 |a Gesto, rytmus, pohyb v současném českém umění 
250 |a První vydání 
264 1 |a Hradec Králové :  |b Galerie moderního umění v Hradci Králové,  |c 2018 
300 |a 39 stran :  |b ilustrace (převážně barevné) ;  |c 23 cm 
336 |a text  |b txt  |2 rdacontent 
336 |a statický obraz  |b sti  |2 rdacontent 
337 |a bez média  |b n  |2 rdamedia 
338 |a svazek  |b nc  |2 rdacarrier 
500 |a Katalog k výstavě konané 2. března - 27. května 2018 
500 |a Životopisná data 
500 |a 350 výtisků 
546 |a Částečně anglický text 
648 4 |a 1980-2017 
648 7 |a 20.-21. století  |7 ch462155  |2 czenas 
650 0 7 |a české výtvarné umění  |7 ph116865  |y 20.-21. století  |2 czenas 
650 0 7 |a moderní umění  |7 ph115340  |z Česko  |2 czenas 
650 0 7 |a konceptuální umění  |7 ph121783  |z Česko  |y 20.-21. století  |2 czenas 
650 0 9 |a Czech art  |y 20th-21st centuries  |2 eczenas 
650 0 9 |a modern art  |z Czechia  |2 eczenas 
650 0 9 |a conceptual art  |z Czechia  |y 20th-21st centuries  |2 eczenas 
655 7 |a katalogy výstav  |7 fd132536  |2 czenas 
655 9 |a exhibition catalogs  |2 eczenas 
700 1 |a Příkazská, Petra,  |d 1976-  |7 ola2003206245  |4 aut 
710 2 |a Galerie moderního umění (Hradec Králové, Česko)  |7 kn20010709266  |4 orm 
910 2 |a BOA001  |b 2-1410.820 
990 |a BK 
995 |a 11 
991 |b 201807  |c NOV 
996 6 |b 2610749653  |c 2-1410.820  |l MZK  |r Sklad / do 1 hodiny  |n 0  |p p.v.  |w 001675041  |u 000010  |a 1  |e BOA001  |j MZK50  |s P